Turkish 2.Lig Teams - Statistics

General Stats
  • This quiz has been taken 2 times
  • The average score is 3 of 36
Answer Stats
Answer % Correct
4. Adana 01 FK
100%
18. Giresunspor
50%
12. SB Ankaraspor
50%
5. Vanspor FK
50%
8. 1461 Trabzonspor
0%
11. 24 Erzincanspor
0%
2. 68 Aksarayspor
0%
18. Afyonspor
0%
17. Altay
0%
5. Altınordu
0%
10. Ankara Demirspor
0%
12. Arnavutköy BS
0%
2. Batman Petrolspor
0%
6. Beykoz Anadolu Spor
0%
6. Beyoğlu YÇ
0%
9. Bucaspor 1928
0%
16. Derincespor
0%
15. Diyarbekirspor
0%
3. Elazığspor
0%
8. Erbaaspor
0%
9. Fethiyespor
0%
13. İnegölspor
0%
7. İskenderunspor
0%
14. Isparta 32
0%
7. Karacabey BS
0%
16. Karaköprü BS
0%
11. Karaman FK
0%
3. Kastamonuspor
0%
15. Kepezspor
0%
10. Kırklarelispor
0%
4. Menemen FK
0%
17. Nazillispor
0%
1. Sarıyer
0%
1. Serik BS
0%
13. Somaspor
0%
14. Yeni Mersin İY
0%
No matching quizzes found
Score Distribution
Percent of People with Each Score
Percentile by Number Answered
Your Score History
You have not taken this quiz